| 000 | 00844cam a2200265 a 4500 | ||
|---|---|---|---|
| 001 | 000003836 | ||
| 005 | 20200929150605.0 | ||
| 008 | 020412s1992 ag 000 f spa | ||
| 020 | _a9501511464 | ||
| 040 |
_aDO-SdBNP _cDLC _dDLC0 |
||
| 041 | 1 | 7 |
_aspa _heng _2Código de idioma MARC |
| 082 |
_a813.54 _bD353c |
||
| 100 | 1 |
_aDelinsky, Barbara, _d1945- _911607 |
|
| 240 | 1 | 0 |
_aHeart of the night. _lEspañol |
| 245 | 1 | 3 |
_aEl corazón de la noche / _cBarbara Delinsky ; traducción de Aníbal Leal. |
| 260 |
_aBuenos Aires : _bJavier Vergara, _c1992. |
||
| 300 |
_a361 p. ; _c23 cm. |
||
| 534 | _aTítulo original: Heart of the night. | ||
| 650 | 4 |
_aNovela estadounidense _9262 |
|
| 650 | 4 |
_aLiteratura estadounidense _9263 |
|
| 700 | 1 |
_aLeal, Aníbal. _etr. _94573 |
|
| 910 | _aCatalogación por copia / LC | ||
| 910 | _aWM | ||
| 049 | _aBNGR | ||
| 999 |
_c3658 _d3658 |
||